Štúdium vplyvu tepelného spracovania na štruktúru a vlastnosti rýchloreznej ocele na odlievané rezné nástroje = Study the effect of heat treatment on structure and properties of high speed steels for cast cutting tools : Diplomová práca

Gespeichert in:
Bibliographische Detailangaben
1. Verfasser: Džúr, Peter (Verfasst von)
Weitere Verfasser: Chaus, Alexander 1954- (xxx)
Format: Manuskript Buch
Sprache:Slowakisch
Veröffentlicht: Trnava : STU v Bratislave MTF UVTE KZl, 2008
Schlagworte:
Tags: Tag hinzufügen
Keine Tags, Fügen Sie das erste Tag hinzu!

MARC

LEADER 00000ntm a22000003a 4500
001 stu166481
005 20160719160011.9
008 080708s2008----xo------------------slo-d
040 |a STU  |b slo 
041 0 |a slo 
044 |a xo 
100 1 |a Džúr, Peter  |4 aut 
245 1 |a Štúdium vplyvu tepelného spracovania na štruktúru a vlastnosti rýchloreznej ocele na odlievané rezné nástroje = Study the effect of heat treatment on structure and properties of high speed steels for cast cutting tools :  |b Diplomová práca 
260 |a Trnava :  |b STU v Bratislave MTF UVTE KZl,  |c 2008 
300 |a 112 s  |c 1 CD-ROM 
500 |a Študijný odbor: 5.2.51 výrobné technológie 
500 |a Študijný program: priemyselné a umelecké zlievarenstvo 
650 7 |a tepelné spracovanie  |2 stusub 
650 7 |a rýchlorezná oceľ  |2 stusub 
700 1 |a Chaus, Alexander  |d 1954-  |4 xxx  |u M230  |U MTF Ústav výrobných technológií  |T MTF Katedra zlievarenstva  |X 4162  |U M230  |Y M230  |7 A000004162 
996 |b 284M067994  |c M*DP-7194  |l MMSKP  |s P  |a 0  |w stu166481_0001